000 01219nam a22003377a 4500
003 CHAP
005 20220329140920.0
008 971013s1996 r 00010 d
010 _a59743
011 _a60715
035 _a64877
040 _cCHAP
090 _aTesis
100 0 0 _aGarcía Martínez, José Luis.
_946270
245 _aAnálisis de semillas de Cercis canadensis L. y potencial de la especie para su uso en dasonomía urbana
260 _aChapingo, Méx. :
_bEl autor,
_c1996
300 _a71 h.
_b: ilus.
502 _aTesis (Ing. Forestal con Orientación en Economía y Ordenación) -- UACH. División de Ciencias Forestales y del Ambiente
590 _aALEPH
_b10
_c20130110
_lUCH01
_h1338
590 _aBATCH-UPD
_b10
_c20130110
_lUCH01
_h0615
590 _aBATCH-UPD
_b10
_c20130410
_lUCH01
_h0257
590 _aBATCH-UPD
_b10
_c20130914
_lUCH01
_h0702
590 _aCONVERSION
_b10
_c20130109
_lUCH01
_h1332
650 1 4 _aBosques
_xAdministración.
_914003
650 1 4 _aCercis canadensis.
_921347
650 1 4 _aSemillas
_xAnálisis.
_9103878
901 _aBK
942 _cFOLL
949 _bBC
_cTES
_d-142918
_eTS1
_h28761
_i64877
_si
949 _bBC
_cTES
_d33724000078879
_eTS2
_fc.2
_h28762
_i64877
_si
999 _c59743
_d59743